000 00469nab a2200145Ia 4500
003 ES-SlBCS
005 20210601135647.0
008 140529s2002 xxu||||| |||| 00| 0 spa d
041 _aspa
100 1 _aFernández Pérez, Sonia María
_9234890
245 0 0 _aLa Puglia tra Gerusalemme e Santiago di Compostela
_c Sonia María Fernández Pérez
651 4 _aJerusalén
_992390
773 0 _tCompostellanum
_gvol. 47, nº. 3-4, 2002, págs. 669-676
_wRev130
942 _cAR
999 _c631839
_d631839